[Event "XIII MIEDZYNARODOWY FESTIWAL SZACHOWY PERLA BALTYKU - GRUPA A"]
[Site "LAZY - OW BRYZA"]
[Date "1899-12-30"]
[Round "7.6"]
[White "Litner, Igor"]
[Black "Czaplewska, Klara"]
[Result "1-0"]
[WhiteTitle "I+"]
[BlackTitle "k+"]
[WhiteElo "1949"]
[BlackElo "1920"]

1. d4 Nf6 2. Nf3 g6 3. Bf4 Bg7 4. h3 d5 5. e3 O-O 6. Bd3 b6 7. c3 Bb7 8. Nbd2 Nbd7
9. Qc2 c5 10. g4 c4 11. Be2 b5 12. Ne5 a5 13. h4 Ne4 14. Nxd7 Qxd7 15. h5 Nxd2
16. Kxd2 e5 17. dxe5 d4 18. exd4 Bxh1 19. Rxh1 Rfe8 20. Bf3 Ra6 21. Kc1 b4 22.
Bd2 a4 23. hxg6 hxg6 24. Be4 a3 25. cxb4 Qxd4 26. Bc3 axb2+ 27. Bxb2 Qd7 28. Kb1
Qb5 29. a3 Bxe5 30. f4 Bxb2 31. Qxb2 f6 32. Bxg6 Re3 33. Qh2 Rb3+ 34. Kc2 Rc3+
35. Kb2 Rb3+ 36. Kc1 Rc3+ 37. Bc2 Rxc2+ 38. Qxc2 Qd5 39. Qh7+ Kf8 40. Rd1 1-0

[Event "XIII MIEDZYNARODOWY FESTIWAL SZACHOWY PERLA BALTYKU - GRUPA A"]
[Site "LAZY - OW BRYZA"]
[Date "1899-12-30"]
[Round "7.7"]
[White "Jedrocha, Katarzyna"]
[Black "Kapral, Krzysztof"]
[Result "1/2-1/2"]
[WhiteTitle "k"]
[BlackTitle "k"]
[WhiteElo "1898"]
[BlackElo "1939"]

1. d4 d5 2. Nf3 Nf6 3. g3 Bf5 4. Bg2 e6 5. O-O Be7 6. c4 c6 7. Qb3 Qb6 8. c5 Qa6
9. Nc3 b6 10. cxb6 axb6 11. Ne5 O-O 12. h3 c5 13. g4 Bg6 14. Nxg6 hxg6 15. e4
cxd4 16. Nb5 Qa4 17. Qxa4 Rxa4 18. exd5 Nxd5 19. Bxd5 exd5 20. b3 Ra5 21. Nxd4
Bf6 22. Be3 Rc8 23. Rac1 Rac5 24. Nb5 d4 25. b4 Rc4 26. Nd6 Rxc1 27. Rxc1 Rd8
28. Nb7 Rd7 29. Rc8+ Kh7 30. Rxb8 dxe3 31. fxe3 Be5 32. Re8 Bc3 33. Nd8 Bxb4 34.
Kg2 g5 35. Kf3 Kg6 36. Nc6 Bd6 37. Ne5+ Bxe5 38. Rxe5 Rd6 39. Rb5 Rc6 40. Ke4
f6 41. Kd5 Rc2 42. a4 Ra2 43. Rb4 Rd2+ 44. Kc6 Rh2 45. Kxb6 Rxh3 46. Re4 Rf3 47.
a5 f5 48. Re6+ Kf7 49. gxf5 Rxf5 50. Re4 Kg6 51. a6 Rf6+ 52. Kb7 Rf7+ 53. Kc8
Rf8+ 54. Kd7 Kf5 55. Re8 Rf7+ 56. Re7 Rf8 57. e4+ Kf4 58. Rxg7 Ra8 59. Rg6 Kxe4
60. Kc7 Kf5 61. Rc6 g4 62. Kb7 Rxa6 63. Rxa6 Kf4 64. Kc6 g3 65. Kd5 g2 66. Rg6
Kf3 67. Kd4 Kf2 68. Rf6+ Ke2 69. Re6+ Kf2 70. Rg6 g1=Q 71. Rxg1 Kxg1 1/2-1/2

[Event "XIII MIEDZYNARODOWY FESTIWAL SZACHOWY PERLA BALTYKU - GRUPA A"]
[Site "LAZY - OW BRYZA"]
[Date "1899-12-30"]
[Round "7.8"]
[White "Mazalon, Mariusz"]
[Black "Luczak, Filip"]
[Result "1/2-1/2"]
[WhiteTitle "k"]
[BlackTitle "I"]
[WhiteElo "2050"]
[BlackElo "1865"]

1. d4 Nf6 2. c4 g6 3. Nc3 Bg7 4. e4 d6 5. Nf3 O-O 6. h3 e5 7. d5 a5 8. Bg5 Na6
9. Nd2 Nc5 10. Be2 h6 11. Be3 Ne8 12. g4 f5 13. f3 f4 14. Bf2 Bf6 15. h4 Bd7 16.
Qc2 b6 17. O-O-O Be7 18. Ndb1 Nf6 19. Rdg1 Kf7 20. Qd1 Rh8 21. Bd3 Nxd3+ 22. Qxd3
Qc8 23. Nd2 Qb7 24. Kb1 Be8 25. Qc2 h5 26. g5 Nd7 27. Nb5 Rc8 28. Qd3 Nb8 29.
Rc1 Na6 30. a3 Bd7 31. Ka1 Rhd8 32. Nb1 Nc5 33. Bxc5 bxc5 34. a4 Ra8 35. Nd2 Rdb8
36. Qc3 Bd8 37. Nb3 Qb6 38. Rcd1 Be7 39. Nc1 Bf8 40. Nd3 Bg7 41. Rc1 Kf8 42. Qd2
Kg8 43. Rc3 Rb7 44. Rb3 Qa6 1/2-1/2

[Event "XIII MIEDZYNARODOWY FESTIWAL SZACHOWY PERLA BALTYKU - GRUPA A"]
[Site "LAZY - OW BRYZA"]
[Date "1899-12-30"]
[Round "7.9"]
[White "Franckowski, Janusz"]
[Black "Szmidt, Przemyslaw"]
[Result "1-0"]
[WhiteTitle "I"]
[BlackTitle "I++"]
[WhiteElo "2033"]
[BlackElo "1856"]

1. d4 Nf6 2. Nf3 g6 3. g3 c5 4. c3 cxd4 5. cxd4 Bg7 6. Nc3 d5 7. Bg2 O-O 8. O-O
Nc6 9. Bf4 Ne4 10. Be3 Be6 11. Nxe4 dxe4 12. Ng5 Bd5 13. Nxe4 Bxe4 14. Bxe4 Nxd4
15. Rb1 e5 16. Bxd4 exd4 17. Bxb7 Rb8 18. Bg2 Qa5 19. a3 d3 20. Qxd3 Rxb2 21.
Rxb2 Bxb2 22. Rb1 Qxa3 23. Qc4 Bg7 24. Bd5 a5 25. Kg2 Qc3 26. Qa2 Kh8 27. Bxf7
Bd4 28. e3 Bc5 29. Bd5 Bb4 30. h4 Qe5 31. Qc4 Qf6 32. f4 Qb6 33. Qe4 Qf6 34. Qd3
Rc8 35. Rb3 Rc3 36. Rxc3 Qxc3 37. Qe4 Qf6 38. g4 Qe7 39. Qd4+ Qg7 40. Qb6 Qe7
41. Qb8+ Qf8 42. Qe5+ Qg7 43. Qe6 Qf8 44. Kf3 Kg7 45. Qe5+ Qf6 46. Qe8 Bf8 47.
g5 Qe7 48. Qc8 h5 49. Qc3+ Kh7 50. Qxa5 Qc5 51. Qd8 Qe7 52. Qa8 Qa3 53. Qb7+ Qe7
54. Qb3 Qd7 55. Kf2 Qh3 56. Qb7+ Bg7 57. Qf7 Qh2+ 58. Kf1 Qh3+ 59. Ke2 Qc8 60.
Be4 Qa6+ 61. Kf2 Qd6 62. Kg3 Qb6 63. Kf3 Qd6 64. Ke2 Qa6+ 65. Bd3 Qc6 66. Kf2
Qd6 67. Ke2 Qc6 68. e4 Qc5 69. f5 gxf5 70. Qxh5+ Kg8 71. Qe8+ Kh7 72. exf5 Qe5+
73. Qxe5 Bxe5 74. Kf3 Kg7 75. Kg4 Bc3 76. h5 Bd4 77. h6+ Kf7 78. Bc4+ Kf8 79.
Kh5 1-0

[Event "XIII MIEDZYNARODOWY FESTIWAL SZACHOWY PERLA BALTYKU - GRUPA A"]
[Site "LAZY - OW BRYZA"]
[Date "1899-12-30"]
[Round "7.10"]
[White "Wacior, Maciej"]
[Black "Kosiba, Marcin"]
[Result "1-0"]
[WhiteTitle "I++"]
[BlackTitle "II"]
[WhiteElo "2025"]
[BlackElo "1832"]

1. d4 d5 2. Nf3 e6 3. Bf4 c6 4. e3 f5 5. Be2 Nf6 6. c3 a5 7. Nbd2 Be7 8. h3 Nbd7
9. Qc2 Ne4 10. Nxe4 fxe4 11. Nd2 Nf6 12. O-O-O b5 13. f3 exf3 14. gxf3 Bd6 15.
Bg5 Qc7 16. Rhg1 Bb7 17. e4 Be7 18. Bd3 O-O-O 19. e5 Nh5 20. Bxh7 Bxg5 21. Rxg5
Nf4 22. Nb3 Nxh3 23. Rg3 Nf4 24. Rdg1 g5 25. Bd3 Rdg8 26. Nc5 Rh4 27. Rxg5 Rxg5
28. Rxg5 Rh1+ 29. Kd2 Qf7 30. Ke3 Nh3 31. Rg4 Re1+ 32. Kd2 Rh1 33. Be2 Nf4 34.
Nd3 Nh3 35. Ke3 Ba6 36. Nc5 Bb7 37. Qg6 1-0

[Event "XIII MIEDZYNARODOWY FESTIWAL SZACHOWY PERLA BALTYKU - GRUPA A"]
[Site "LAZY - OW BRYZA"]
[Date "1899-12-30"]
[Round "7.11"]
[White "Malaczek, Mateusz"]
[Black "Lascar, Radoslawa"]
[Result "1-0"]
[WhiteTitle "II+"]
[BlackTitle "I+"]
[WhiteElo "1905"]
[BlackElo "1775"]

1. c4 e5 2. g3 d6 3. Bg2 Nc6 4. Nc3 Be6 5. d3 Qd7 6. b4 g6 7. b5 Nd8 8. Rb1 Bg7
9. Nd5 f5 10. Nf3 Nf6 11. Ng5 Bg8 12. O-O h6 13. Nxf6+ Bxf6 14. Nh3 f4 15. d4
g5 16. dxe5 dxe5 17. Qc2 Be6 18. Bd5 Bf5 19. Be4 Bxh3 20. Rd1 Qe7 21. Rb3 Bd7
22. Ba3 Qg7 23. Bg6+ Nf7 24. Rxd7 Rd8 25. Rxf7 Qxf7 26. Bxf7+ Kxf7 27. c5 Rd4
28. Bb2 Rdd8 29. Qc4+ Kg7 30. Rd3 Rxd3 31. exd3 h5 32. Qe6 Rf8 33. Bxe5 Kg6 34.
Bxf6 Rxf6 35. Qe4+ Kg7 36. gxf4 gxf4 37. f3 c6 38. bxc6 bxc6 39. Qe7+ Rf7 40.
Qe5+ Rf6 41. Qxh5 1-0

[Event "XIII MIEDZYNARODOWY FESTIWAL SZACHOWY PERLA BALTYKU - GRUPA A"]
[Site "LAZY - OW BRYZA"]
[Date "1899-12-30"]
[Round "7.12"]
[White "Przerwa, Waldemar"]
[Black "Darowicki, Mariusz"]
[Result "0-1"]
[WhiteTitle "I"]
[BlackTitle "I++"]
[WhiteElo "1780"]
[BlackElo "1931"]

1. e4 c5 2. Nf3 Nc6 3. d4 cxd4 4. Nxd4 Nf6 5. Nc3 e5 6. Ndb5 d6 7. a4 a6 8. Na3
Bg4 9. f3 Be6 10. Be3 d5 11. exd5 Nxd5 12. Nxd5 Bxd5 13. Bf2 Qa5+ 14. c3 Rd8 15.
Qc2 Bxa3 16. Rxa3 Nd4 17. Bxd4 exd4 18. Bd3 Be6 19. O-O Qe5 20. Kh1 g6 21. f4
Qc5 22. Qf2 O-O 23. Raa1 Rd7 24. Rae1 Rfd8 25. Re5 Qd6 26. c4 Rc8 27. b3 Rc5 28.
Rfe1 Rxe5 29. Rxe5 b6 30. h3 Rd8 31. Qg3 Kg7 32. h4 f6 33. Re1 Bf7 34. Qf3 Rd7
35. Kg1 Re7 36. Rxe7 Qxe7 37. Kf2 Qa3 38. Qd1 Qb2+ 39. Kg3 Be6 40. Kh2 Qf2 41.
Qc1 Qxh4+ 42. Kg1 Qg3 43. Qd2 h5 44. b4 h4 45. Kf1 h3 46. gxh3 Bxh3+ 47. Ke2 Qg1
48. Be4 Qf1# 0-1

[Event "XIII MIEDZYNARODOWY FESTIWAL SZACHOWY PERLA BALTYKU - GRUPA A"]
[Site "LAZY - OW BRYZA"]
[Date "1899-12-30"]
[Round "7.13"]
[White "Lada, Ireneusz"]
[Black "Kostecka, Marika"]
[Result "1-0"]
[WhiteTitle "k"]
[BlackTitle "I++"]
[WhiteElo "1916"]
[BlackElo "1809"]

1. c4 e5 2. Nc3 Nc6 3. Nf3 g6 4. g3 Bg7 5. d3 f5 6. Bg2 Nf6 7. O-O O-O 8. Bd2 d6
9. Qc1 Qe8 10. Nd5 Qf7 11. Ng5 Qd7 12. h4 Nd4 13. Re1 c6 14. e3 cxd5 15. exd4
dxc4 16. dxe5 dxe5 17. Qxc4+ Kh8 18. Bb4 Re8 19. Nf7+ Kg8 20. Nxe5+ Qe6 21. Nd7
Bxd7 22. Rxe6 Bxe6 23. Qb5 a6 24. Qa5 b6 25. Qa3 Nd5 26. Re1 Nxb4 27. Rxe6 Rxe6
28. Bxa8 Nc2 29. Qxa6 Re1+ 30. Kg2 Re2 31. Qc8+ Bf8 32. Qc4+ Kg7 33. Kf3 Re8 34.
Qxc2 Rxa8 35. a3 Bc5 36. b4 Bd4 37. Qc4 Bf6 38. Qc7+ Kh8 39. Qc6 Rf8 40. Qxb6
Kg7 41. a4 Rd8 42. Ke2 Re8+ 43. Kd2 g5 44. hxg5 Bxg5+ 45. f4 Bd8 46. Qc6 Rf8 47.
a5 Rf7 48. a6 Be7 49. b5 Bb4+ 50. Kc2 Ba5 51. b6 Rf6 52. Qxf6+ Kxf6 53. a7 Bxb6
54. a8=Q 1-0

[Event "XIII MIEDZYNARODOWY FESTIWAL SZACHOWY PERLA BALTYKU - GRUPA A"]
[Site "LAZY - OW BRYZA"]
[Date "1899-12-30"]
[Round "7.14"]
[White "Gorkiewicz, Mateusz"]
[Black "Bartoszewicz, Marcin"]
[Result "1/2-1/2"]
[WhiteTitle "II+"]
[BlackTitle "I++"]
[WhiteElo "1764"]
[BlackElo "1915"]

1. e4 c5 2. Nf3 Nc6 3. d4 cxd4 4. Nxd4 g6 5. Be2 Bg7 6. Nb3 Nf6 7. Nc3 O-O 8. O-O
d6 9. Bg5 Bd7 10. Re1 Rc8 11. Bf1 h6 12. Bh4 Ne5 13. Nd5 g5 14. Bg3 Nc4 15. Bxc4
Rxc4 16. Nxf6+ Bxf6 17. c3 Qc7 18. Qd2 b5 19. Rac1 Rc8 20. f4 Be6 21. e5 dxe5
22. fxe5 Bg7 23. Nd4 Qd7 24. Qe3 b4 25. Nxe6 Qxe6 26. cxb4 Rxc1 27. Rxc1 Rxc1+
28. Qxc1 Qxa2 29. h4 gxh4 30. Qc8+ Bf8 31. Qg4+ Kh8 32. Bxh4 Qb1+ 33. Kh2 Qxb2
34. Bg3 e6 35. Qf4 Qxb4 36. Qxf7 Qe7 37. Qf4 Bg7 38. Bh4 Qf8 39. Qe3 Qb8 40. Bf6
Kh7 41. Qe4+ Kg8 42. Qg4 Qc7 43. Qxe6+ Qf7 44. Qc8+ Qf8 1/2-1/2

[Event "XIII MIEDZYNARODOWY FESTIWAL SZACHOWY PERLA BALTYKU - GRUPA A"]
[Site "LAZY - OW BRYZA"]
[Date "1899-12-30"]
[Round "7.15"]
[White "Straszewski, Tomasz"]
[Black "Pietrucha, Jaroslaw"]
[Result "1/2-1/2"]
[WhiteTitle "II+"]
[BlackTitle "I"]
[WhiteElo "1672"]
[BlackElo "1847"]

1. e4 e5 2. Nf3 d6 3. d4 exd4 4. Qxd4 Nc6 5. Bb5 Bd7 6. Bxc6 Bxc6 7. Nc3 Nf6 8.
Bg5 Be7 9. O-O-O O-O 10. h4 Nd7 11. Qd2 Qe8 12. Nd5 Bxd5 13. exd5 Qd8 14. Rde1
Re8 15. g4 Nb6 16. Bf4 Qd7 17. Reg1 Qb5 18. Rd1 Bf6 19. b3 Re2 20. Nd4 Rxd2 21.
Nxb5 Rxf2 22. Nxc7 Rxf4 23. Nxa8 Nxa8 24. g5 Be5 25. Rdf1 Nb6 26. c4 Nd7 27. Kc2
a5 28. Rxf4 Bxf4 29. b4 axb4 30. Rb1 b6 31. Rxb4 Be3 32. Ra4 g6 33. Ra8+ Nf8 34.
a4 Kg7 35. Kd3 Bc5 36. Rd8 Bb4 37. Ke3 Ba3 38. Ke2 Bc5 39. Kf3 Kg8 40. Rb8 Bd4
41. Ke4 Bf2 42. Kf4 Kg7 43. Rd8 Bc5 44. Kf3 Bb4 45. Ke2 Bc5 46. Kf3 Bb4 47. Ke2
Bc5 1/2-1/2

[Event "XIII MIEDZYNARODOWY FESTIWAL SZACHOWY PERLA BALTYKU - GRUPA A"]
[Site "LAZY - OW BRYZA"]
[Date "1899-12-30"]
[Round "7.16"]
[White "Stylinski, Piotr"]
[Black "Ciesielski, Jan"]
[Result "0-1"]
[WhiteTitle "I"]
[BlackTitle "II+"]
[WhiteElo "1815"]
[BlackElo "1669"]

1. Nf3 d5 2. c4 c6 3. b3 Nf6 4. Bb2 g6 5. g3 Bg7 6. Bg2 O-O 7. O-O Nbd7 8. d3 Re8
9. Qc2 b6 10. Nbd2 Bb7 11. e4 e5 12. Rad1 d4 13. Bh3 Qc7 14. Nh4 c5 15. Ndf3 Nf8
16. Bc1 Bc8 17. Bxc8 Qxc8 18. Kg2 Nh5 19. Qe2 Qg4 20. h3 Qd7 21. Rfe1 Rac8 22.
Bd2 Rc6 23. Rb1 Rcc8 24. Kh2 Ra8 25. Rb2 Qc7 26. b4 Nd7 27. Reb1 Reb8 28. a4 a6
29. Ra1 Bf8 30. bxc5 bxc5 31. Rab1 Rxb2 32. Rxb2 Rb8 33. Be1 Bd6 34. Qc2 Ng7 35.
Qb1 Rxb2 36. Qxb2 Qb6 37. Qxb6 Nxb6 38. a5 Na4 39. Bd2 f6 40. Ne1 Bc7 41. f4 exf4
42. gxf4 Nc3 43. Bxc3 Bxf4+ 44. Kg2 dxc3 45. Nhf3 Ne6 46. Nc2 Bc7 47. d4 cxd4
48. Nfxd4 Nxd4 49. Nxd4 Bxa5 50. Kf3 Kf7 51. Ke2 Bb6 52. Nb3 Bc7 53. Kd3 Be5 54.
Kc2 g5 55. Nc5 h5 56. Nd3 g4 57. hxg4 hxg4 58. c5 g3 59. c6 Ke7 60. Ne1 Kd6 0-1

[Event "XIII MIEDZYNARODOWY FESTIWAL SZACHOWY PERLA BALTYKU - GRUPA A"]
[Site "LAZY - OW BRYZA"]
[Date "1899-12-30"]
[Round "7.17"]
[White "Zamarska, Sylwia"]
[Black "Zerafa, Patrick"]
[Result "0-1"]
[WhiteTitle "I++"]
[BlackTitle "CM"]
[WhiteElo "1622"]
[BlackElo "2046"]

1. d4 Nf6 2. c4 g6 3. Nc3 Bg7 4. e4 d6 5. Nf3 O-O 6. Be2 e5 7. dxe5 dxe5 8. Qxd8
Rxd8 9. Bg5 Re8 10. O-O-O Nbd7 11. Be3 c6 12. Nd2 Nf8 13. f3 Nh5 14. Nb3 Nf4 15.
g3 N4e6 16. Rd6 f5 17. Rhd1 Bf6 18. Nc5 Be7 19. Nxe6 Bxd6 20. Ng7 Rd8 21. Bg5
Rd7 22. Ne8 Be7 23. Bxe7 Rxe7 24. Nd6 Be6 25. Bd3 Rd8 26. exf5 Rxd6 27. fxe6 Nxe6
28. Ne4 Rd4 29. b3 Kg7 30. Kc2 Rf7 31. Rf1 g5 32. Kc3 Rd8 33. Rf2 h6 34. Rf1 g4
35. Nd2 Nc5 36. Bc2 gxf3 37. Rxf3 Rxf3+ 38. Nxf3 Kf6 39. Nd2 a5 40. a3 Ne6 41.
Ne4+ Ke7 42. Bd3 Rf8 43. h4 b6 44. Nd2 Rf2 45. Be4 Nd4 46. Bd3 Rg2 47. Ne4 Ra2
48. Nd2 a4 49. Bb1 Rxa3 50. Kb2 Rxb3+ 51. Nxb3 axb3 52. Be4 Kf6 53. g4 Ke6 54.
Kc3 c5 55. Bd5+ Kf6 56. Be4 b5 57. cxb5 Nxb5+ 58. Kxb3 Nd6 59. Bd3 e4 60. Be2
Ke5 61. Kc3 Kf4 62. Kd2 Nf7 63. Bd1 Ne5 64. g5 hxg5 65. hxg5 Kxg5 66. Ke3 Kf5
67. Be2 Nf7 68. Bc4 Nd6 69. Be2 Ke5 70. Bd1 Nf5+ 71. Ke2 Kd4 72. Bc2 Ne7 73. Kd2
Nd5 74. Ba4 c4 75. Bc6 c3+ 76. Kd1 Nb4 77. Ba4 Ke3 78. Bb5 Kf2 79. Bc4 e3 80.
Bb5 c2+ 81. Kc1 e2 0-1

[Event "XIII MIEDZYNARODOWY FESTIWAL SZACHOWY PERLA BALTYKU - GRUPA A"]
[Site "LAZY - OW BRYZA"]
[Date "1899-12-30"]
[Round "7.18"]
[White "Pietras, Maksymilian"]
[Black "Grzesik, Gracjan"]
[Result "1/2-1/2"]
[WhiteTitle "II+"]
[BlackTitle "I"]
[WhiteElo "1615"]
[BlackElo "1712"]

1. d4 d5 2. Nf3 Nf6 3. c4 e6 4. Nc3 Be7 5. e3 O-O 6. Bd3 b6 7. cxd5 exd5 8. O-O
Bb7 9. b3 Nbd7 10. Bb2 c5 11. Rc1 Rc8 12. Qe2 Ne4 13. dxc5 Ndxc5 14. Rfd1 Nxd3
15. Qxd3 Bf6 16. Nd4 Re8 17. Nce2 Qd7 18. Rxc8 Rxc8 19. Rc1 Rxc1+ 20. Bxc1 Nc5
21. Qc2 Ne6 22. Bb2 Bxd4 23. Nxd4 1/2-1/2

[Event "XIII MIEDZYNARODOWY FESTIWAL SZACHOWY PERLA BALTYKU - GRUPA A"]
[Site "LAZY - OW BRYZA"]
[Date "1899-12-30"]
[Round "7.19"]
[White "Wolaniecki, Patryk"]
[Black "Karpinski, Andrzej"]
[Result "1/2-1/2"]
[WhiteTitle "I"]
[BlackTitle "I"]
[WhiteElo "1597"]
[BlackElo "1658"]

1. e4 e5 2. Nf3 d6 3. d4 Nf6 4. Nc3 Nbd7 5. dxe5 dxe5 6. Bc4 Be7 7. Bxf7+ Kxf7
8. Ng5+ Kg8 9. Ne6 Qe8 10. Nxc7 Qg6 11. Qf3 Rb8 12. N3d5 Bd6 13. Qb3 Qf7 14. f3
Bxc7 15. Nxc7 Nc5 16. Qxf7+ Kxf7 17. Be3 b6 18. O-O-O Rb7 19. Nd5 Be6 20. c4 Rc8
21. Kb1 b5 22. cxb5 Rxb5 23. Nc3 Rb7 24. Rd2 a6 25. Rc1 Rbc7 26. Rcd1 Ke7 27.
Rd6 Nfd7 28. R6d2 h6 29. Bf2 Nb6 30. Rd6 Nbd7 31. Bg3 Rc6 32. R6d2 Nb7 33. Nd5+
Bxd5 34. Rxd5 Rd6 35. Bxe5 Nxe5 36. Rxe5+ Kd7 37. Red5 1/2-1/2

[Event "XIII MIEDZYNARODOWY FESTIWAL SZACHOWY PERLA BALTYKU - GRUPA A"]
[Site "LAZY - OW BRYZA"]
[Date "1899-12-30"]
[Round "7.20"]
[White "Kukula, Karol"]
[Black "Losinska, Aleksandra"]
[Result "1/2-1/2"]
[WhiteTitle "I"]
[BlackTitle "I"]
[WhiteElo "1656"]
[BlackElo "1551"]

1. e4 c5 2. Nf3 e6 3. d4 cxd4 4. Nxd4 a6 5. Bd3 Qb6 6. Nb3 Qc7 7. Qe2 d6 8. O-O
Nf6 9. c4 Be7 10. Nc3 O-O 11. Be3 Nbd7 12. f4 b6 13. h3 Bb7 14. Rad1 Nc5 15. Nxc5
bxc5 16. Rf2 Bc6 17. Rdf1 Rab8 18. Bc1 Nd7 19. f5 exf5 20. Rxf5 Ne5 21. Nd5 Qd8
22. b3 Bd7 23. Nxe7+ Qxe7 24. R5f2 Bc6 25. Bb2 Rbd8 26. Bb1 a5 27. Bc2 1/2-1/2

[Event "XIII MIEDZYNARODOWY FESTIWAL SZACHOWY PERLA BALTYKU - GRUPA A"]
[Site "LAZY - OW BRYZA"]
[Date "1899-12-30"]
[Round "7.21"]
[White "Szeliga, Sebastian"]
[Black "Rejniak, Zuzanna"]
[Result "1/2-1/2"]
[WhiteTitle "II"]
[BlackTitle "I+"]
[WhiteElo "1310"]
[BlackElo "1628"]

1. e4 c5 2. Nf3 Nc6 3. Bb5 g6 4. Bxc6 bxc6 5. O-O Bg7 6. d3 Nf6 7. Nc3 Rb8 8. Rb1
O-O 9. Be3 d6 10. h3 a5 11. Qd2 Ba6 12. Nh2 Qc7 13. Bh6 d5 14. Bxg7 Kxg7 15. Rfe1
e6 16. Nf3 Rfd8 17. Qg5 h6 18. Qe5 Qxe5 19. Nxe5 Rbc8 20. b3 dxe4 21. Nxe4 Nxe4
22. Rxe4 f5 23. Ra4 Kf6 24. Nf3 Bb5 25. Rxa5 Ra8 26. Rxa8 Rxa8 27. a4 Ba6 28.
Re1 Rd8 29. Re5 Rd5 30. Rxd5 cxd5 31. Nd2 e5 32. f3 g5 33. Kf2 h5 34. g3 Ke6 35.
Ke2 Kd6 36. Kd1 Kc6 37. Kc1 Kb6 38. Kb2 Ka5 39. Ka3 d4 40. Ka2 Kb4 41. Kb2 1/2-1/2

[Event "XIII MIEDZYNARODOWY FESTIWAL SZACHOWY PERLA BALTYKU - GRUPA A"]
[Site "LAZY - OW BRYZA"]
[Date "1899-12-30"]
[Round "7.22"]
[White "Zabron, Maksym"]
[Black "Pisarek, Elzbieta"]
[Result "1-0"]
[WhiteTitle "I"]
[BlackTitle "I"]
[WhiteElo "1625"]
[BlackElo "1397"]

1. Nf3 c5 2. e3 Nf6 3. c4 e6 4. d4 cxd4 5. Nxd4 Nc6 6. Be2 Bb4+ 7. Bd2 Bxd2+ 8.
Nxd2 O-O 9. O-O b6 10. Bf3 Bb7 11. Rc1 d5 12. c5 bxc5 13. Rxc5 Nxd4 14. exd4 Nd7
15. Rc3 Rc8 16. Qc2 Ba6 17. Rc1 Qb6 18. Nb3 Rc4 19. Rxc4 Bxc4 20. Nc5 Qc6 21.
Qxc4 Rc8 22. Qb3 Rb8 23. Qa3 Nxc5 24. Qxc5 Qxc5 25. dxc5 Kf8 26. c6 Rc8 27. Be2
Ke7 28. c7 Kd6 29. Ba6 Rxc7 30. Rxc7 Kxc7 1-0

[Event "XIII MIEDZYNARODOWY FESTIWAL SZACHOWY PERLA BALTYKU - GRUPA A"]
[Site "LAZY - OW BRYZA"]
[Date "1899-12-30"]
[Round "7.23"]
[White "Wojcik, Jagoda"]
[Black "Dluzynski, Krzysztof"]
[Result "1/2-1/2"]
[WhiteTitle "I+"]
[BlackTitle "II"]
[WhiteElo "1730"]
[BlackElo "1547"]

1. e4 c6 2. d4 d5 3. Nc3 dxe4 4. Nxe4 Bf5 5. Ng3 Bg6 6. h4 h6 7. Nf3 Nd7 8. h5
Bh7 9. Bd3 Bxd3 10. Qxd3 e6 11. Bd2 Ngf6 12. O-O-O Qc7 13. Ne4 Be7 14. Kb1 a5
15. Nxf6+ Bxf6 16. g4 a4 17. g5 hxg5 18. Nxg5 b5 19. f4 Nb6 20. Ne4 Nc4 21. Nxf6+
gxf6 22. Qg3 Nxd2+ 23. Rxd2 a3 24. b3 Qa5 25. Rd3 b4 26. h6 Qf5 27. Qg7 Ke7 28.
Qg3 Rag8 29. Qf3 Kd6 30. Qf2 Rg6 31. Rdh3 Qe4 32. Qd2 c5 33. dxc5+ Kxc5 34. Qf2+
Qd4 35. Qxd4+ Kxd4 36. h7 Rg7 37. Kc1 e5 38. Rh4 e4 39. f5 Ke5 40. Re1 Rhxh7 41.
Rexe4+ Kxf5 42. Rhf4+ Kg5 43. Rg4+ 1/2-1/2

[Event "XIII MIEDZYNARODOWY FESTIWAL SZACHOWY PERLA BALTYKU - GRUPA A"]
[Site "LAZY - OW BRYZA"]
[Date "1899-12-30"]
[Round "7.24"]
[White "Wysocki, Mieczyslaw"]
[Black "Bochniak, Jakub"]
[Result "1-0"]
[WhiteTitle "I"]
[BlackTitle "III"]
[WhiteElo "1702"]
[BlackElo "1352"]

1. g3 d6 2. Bg2 Nc6 3. e4 e5 4. d3 h6 5. Ne2 Nf6 6. Nbc3 Be6 7. f4 Bg4 8. Be3 g6
9. Qd2 Be6 10. d4 exd4 11. Nxd4 Nxd4 12. Bxd4 Bg7 13. O-O Qd7 14. f5 gxf5 15.
exf5 Bc4 16. Rfe1+ Kf8 17. Bxb7 Rb8 18. Qg2 Qxf5 19. Bxa7 Nd7 20. Bxb8 Bd4+ 21.
Kh1 Nxb8 22. Qe4 Qf2 23. Bd5 Ba6 24. Qf3 c6 25. Bxc6 Qxc2 26. Re8+ Kg7 27. Qg4+
Qg6 28. Qxd4+ Qf6 29. Qxf6+ Kxf6 30. Rxh8 1-0

[Event "XIII MIEDZYNARODOWY FESTIWAL SZACHOWY PERLA BALTYKU - GRUPA A"]
[Site "LAZY - OW BRYZA"]
[Date "1899-12-30"]
[Round "7.25"]
[White "Starosta, Martyna"]
[Black "Plocica, Krzysztof"]
[Result "1/2-1/2"]
[WhiteTitle "WCM"]
[BlackTitle "II"]
[WhiteElo "1591"]
[BlackElo "1439"]

1. e4 e5 2. Nf3 Nf6 3. Nxe5 d6 4. Nf3 Nxe4 5. Nc3 Nxc3 6. dxc3 Nc6 7. Bf4 Be6 8.
Qd2 Qd7 9. O-O-O a6 10. Ng5 O-O-O 11. Nxe6 Qxe6 12. Kb1 Be7 13. g3 f5 14. Bg2
Qd7 15. h4 Bf6 16. Qd5 Rhe8 17. c4 Qe6 18. Qd3 Ne5 19. Bxe5 Bxe5 20. Qb3 c6 21.
Qa4 Qd7 22. Rd3 Re7 23. Rhd1 Rde8 24. a3 Re6 25. Qb3 Bf6 26. Bh3 Re1 27. Ka2 Rxd1
28. Rxd1 g6 29. Qd3 Kc7 30. Bf1 Re6 31. Qd2 Qe7 32. Qa5+ Kc8 33. Qd2 Qc7 34. Qb4
Bg7 35. Qb3 Qe7 36. Qd3 Qf6 37. Qb3 Kc7 38. Qb4 Kc8 39. Qb3 Qe7 40. Qd3 Qf6 41.
c3 Qe7 42. h5 Kc7 43. hxg6 hxg6 44. Qf3 Re1 45. Rxe1 Qxe1 46. Qe2 Qxe2 47. Bxe2
c5 48. Kb3 b6 49. Kc2 a5 50. Bf3 g5 51. g4 fxg4 52. Bxg4 Be5 53. f3 Bf4 54. Kd3
Bc1 55. Kc2 Bf4 56. Kd1 Be3 57. Kc2 Bf4 58. Kd1 1/2-1/2

[Event "XIII MIEDZYNARODOWY FESTIWAL SZACHOWY PERLA BALTYKU - GRUPA A"]
[Site "LAZY - OW BRYZA"]
[Date "1899-12-30"]
[Round "7.26"]
[White "Bucko, Wieslaw"]
[Black "Pisarek, Jan"]
[Result "1-0"]
[WhiteTitle "II"]
[BlackTitle "II"]
[WhiteElo "1549"]
[BlackElo "1318"]

1. d4 Nf6 2. c4 e6 3. Nc3 Bb4 4. Nf3 c5 5. e3 O-O 6. g3 d5 7. Bg2 dxc4 8. O-O Bxc3
9. bxc3 cxd4 10. exd4 Nd5 11. Qc2 Nd7 12. Re1 N7f6 13. a4 Bd7 14. Ba3 Re8 15.
Ne5 Qc7 16. f4 Bc6 17. Nxc4 a6 18. Bd6 Qd8 19. Ba3 Bxa4 20. Qd2 Qc7 21. Nd6 Reb8
22. c4 Nb6 23. Rac1 Bc6 24. c5 Nbd5 25. Nc4 Rd8 26. h3 Ne7 27. Nd6 Bxg2 28. Qxg2
Nc6 29. Bb2 Ne8 30. d5 exd5 31. Nxe8 Rxe8 32. Qxd5 Rxe1+ 33. Rxe1 Rd8 34. Qg5
f5 35. Qxf5 Qd7 36. Qg5 Nd4 37. Kf2 Ne6 38. Qe5 Nc7 39. Rd1 1-0

[Event "XIII MIEDZYNARODOWY FESTIWAL SZACHOWY PERLA BALTYKU - GRUPA A"]
[Site "LAZY - OW BRYZA"]
[Date "1899-12-30"]
[Round "7.27"]
[White "Lazniewski, Tadeusz"]
[Black "Zadkowski, Zbigniew"]
[Result "0-1"]
[WhiteTitle "II"]
[BlackTitle "II"]
[WhiteElo "1401"]
[BlackElo "1584"]

1. e4 d6 2. d4 Nf6 3. Nc3 g6 4. f3 Bg7 5. Be3 O-O 6. Qd2 Nc6 7. O-O-O e5 8. d5
Ne7 9. g4 Ne8 10. h4 f5 11. gxf5 gxf5 12. Bh6 f4 13. Bxg7 Kxg7 14. Qg2+ Kh8 15.
Qf2 Rg8 16. Bh3 a6 17. Bxc8 Qxc8 18. Nge2 Nf6 19. Rdg1 b5 20. Rxg8+ Qxg8 21. Rg1
Qf7 22. a3 h6 23. Rg2 Qh5 24. Ng1 Ng6 25. Kb1 Nd7 26. Rg4 Nf6 27. Rg2 Kh7 28.
Rh2 Ne7 29. Nh3 Qe8 30. Rg2 a5 31. Qg1 Nh5 32. Na2 b4 33. axb4 axb4 34. b3 Qb5
35. Kb2 Qa6 36. Qa1 Qa7 37. Rd2 Ng6 38. Rd1 Nxh4 39. Nxb4 Qxa1+ 40. Rxa1 Rxa1
41. Kxa1 Nxf3 42. Na6 Nf6 43. Nxc7 Nxe4 44. b4 Nd4 45. Kb2 f3 46. Ne6 Nxe6 47.
dxe6 Kg6 48. b5 Kf6 49. b6 Nc5 50. Nf2 Kxe6 51. Kc1 Kd7 52. Kd2 e4 53. b7 Kc7
54. Ke3 Kxb7 55. c4 Kc6 56. Kd4 Kd7 57. Ke3 Ke6 58. Kd4 h5 59. Nd1 h4 60. Nf2
Kf5 61. Ke3 Ke6 62. Kd4 Nd3 63. Nxe4 f2 64. Nd2 h3 65. Nf1 Ne5 66. Ke3 Ng4+ 67.
Kf3 h2 68. Nxh2 Nxh2+ 69. Kxf2 Ke5 70. Ke3 Ng4+ 71. Kd3 Nf2+ 72. Kc3 Ke4 73. Kb4
Kd4 74. Kb5 Ne4 75. Kb4 Nd2 76. Ka3 Nxc4+ 0-1

[Event "XIII MIEDZYNARODOWY FESTIWAL SZACHOWY PERLA BALTYKU - GRUPA A"]
[Site "LAZY - OW BRYZA"]
[Date "1899-12-30"]
[Round "7.28"]
[White "Kabacinski, Krzysztof"]
[Black "Budrewicz, Henryk"]
[Result "1-0"]
[WhiteTitle "II"]
[BlackTitle "I"]
[WhiteElo "1556"]
[BlackElo "1488"]

1. f4 d5 2. Nf3 c5 3. b3 Nf6 4. Bb2 g6 5. e3 Bg7 6. Bb5+ Bd7 7. Bxd7+ Nbxd7 8.
O-O O-O 9. Qe1 e6 10. d3 Qc7 11. Nbd2 Rfe8 12. Ne5 Ng4 13. Nxg4 Bxb2 14. Rb1 Bg7
15. e4 h5 16. Ne3 Qa5 17. a4 Bc3 18. Rd1 a6 19. Qf2 b5 20. axb5 axb5 21. g3 Nf6
22. e5 d4 23. Ng2 Ng4 24. Qe2 Bxd2 25. Rxd2 Qc3 26. h3 Nh6 27. Nh4 c4 28. bxc4
bxc4 29. Rf3 cxd3 30. Rfxd3 Ra1+ 31. Kh2 Qc6 32. Qf3 Qb6 33. Rxd4 Rea8 34. Rd1
R8a3 35. Qe2 Qb2 36. Rd8+ Kg7 37. Rxa1 Rxa1 38. Rd1 Ra2 39. Rd2 Ra1 40. Qg2 Qc1
41. Rd7 Ra2 42. Rc7 Rb2 43. Nf3 Rb1 44. Ng5 Ra1 45. Nxe6+ Kh7 46. Ng5+ Kg8 47.
Rc8+ Kg7 48. e6 fxe6 49. Qb7+ 1-0